[Event "Poti Aleksandria Cup 5th"]
[Site "Poti"]
[Date "2010.07.11"]
[Round "1"]
[White "Zarkua, Davit"]
[Black "Modebadze, Tariel"]
[Result "0-1"]
[WhiteElo "2350"]
[BlackElo "1915"]
[PlyCount "89"]
[EventDate "2010.07.11"]
[EventType "swiss"]
[EventRounds "9"]
[EventCountry "GEO"]
[SourceTitle "CBM 137 Extra"]
[Source "ChessBase"]
[SourceDate "2010.09.01"]
[SourceVersion "1"]
[SourceVersionDate "2010.09.01"]
[SourceQuality "1"]

1. Nf3 Nf6 2. c4 g6 3. Nc3 Bg7 4. g3 0-0 5. Bg2 d6 6. d4 c5 7. 0-0 a6 8. dxc5 dxc5 9. Be3 Nbd7 10. Qb3 Re8 11. Rfd1 Qc7 12. h3 e5 13. Ng5 h6 14. Nge4 Bf8 15. Rac1 Rb8 16. a4 b6 17. Rc2 Bb7 18. Rcd2 Re6 19. Qc2 Bc6 20. b3 Nxe4 21. Bxe4 Bxe4 22. Nxe4 Nf6 23. Nxf6+ Rxf6 24. Qe4 Re6 25. Rd7 Qc6 26. Qh4 h5 27. Rd8 Rxd8 28. Rxd8 Re8 29. Rxe8 Qxe8 30. Qf6 Qb8 31. Bg5 Qd6 32. Qxd6 Bxd6 33. Bd8 b5 34. cxb5 axb5 35. axb5 Kf8 36. e4 Ke8 37. Ba5 Kd7 38. Kf1 Bc7 39. Bc3 Kc8 40. Ke2 Kb7 41. Kd3 Kb6 42. Kc4 f6 43. f3 f5 44. Be1 fxe4 45. Bf2 0-1